<?xml version="1.0" encoding="UTF-8"?>
<record
    xmlns:xsi="http://www.w3.org/2001/XMLSchema-instance"
    xsi:schemaLocation="http://www.loc.gov/MARC21/slim http://www.loc.gov/standards/marcxml/schema/MARC21slim.xsd"
    xmlns="http://www.loc.gov/MARC21/slim">

  <leader>04091nam a22004217a 4500</leader>
  <controlfield tag="001">BRCA_8537</controlfield>
  <controlfield tag="002">W-31</controlfield>
  <controlfield tag="003">FranzMayer</controlfield>
  <controlfield tag="005">20260520175317.0</controlfield>
  <controlfield tag="006">aa||||r|||| 001 0</controlfield>
  <controlfield tag="007">ta</controlfield>
  <controlfield tag="008">250807s1493    -gea|||gr|||| 001 0 lat d</controlfield>
  <datafield tag="040" ind1=" " ind2=" ">
    <subfield code="a">BMFM</subfield>
    <subfield code="b">spa</subfield>
  </datafield>
  <datafield tag="041" ind1="0" ind2=" ">
    <subfield code="a">lat</subfield>
  </datafield>
  <datafield tag="050" ind1=" " ind2="4">
    <subfield code="a">D17</subfield>
    <subfield code="b">.S33 1493</subfield>
  </datafield>
  <datafield tag="100" ind1="1" ind2=" ">
    <subfield code="a">Schedel, Hartmann, </subfield>
    <subfield code="d">(1440-1514)</subfield>
    <subfield code="9">30013</subfield>
  </datafield>
  <datafield tag="245" ind1="1" ind2=" ">
    <subfield code="a">Cronicarum per viam epithomatis breviarij compilati opus / </subfield>
    <subfield code="c">Hartmann Schedel</subfield>
  </datafield>
  <datafield tag="246" ind1="1" ind2="1">
    <subfield code="a">Liber Chronicarum</subfield>
  </datafield>
  <datafield tag="246" ind1="1" ind2="1">
    <subfield code="b"> Cr&#xF3;nica de Nuremberg: La historia del mundo desde la creaci&#xF3;n, hasta los d&#xED;as de la publicaci&#xF3;n</subfield>
  </datafield>
  <datafield tag="260" ind1=" " ind2=" ">
    <subfield code="a">Nuremberg, Alemania:</subfield>
    <subfield code="b">Koberger, Anton,</subfield>
    <subfield code="c">1493</subfield>
  </datafield>
  <datafield tag="300" ind1=" " ind2=" ">
    <subfield code="a">[38], CCXCIX, 299, [3]  p&#xE1;ginas :</subfield>
    <subfield code="b">Xilograf&#xED;as ; </subfield>
    <subfield code="c">42.5 x 32.5 x 8 cm</subfield>
  </datafield>
  <datafield tag="500" ind1=" " ind2=" ">
    <subfield code="a">A solicitud de Sebald Schreyer y Sabastian Kammermeister.</subfield>
  </datafield>
  <datafield tag="520" ind1="3" ind2=" ">
    <subfield code="a">El tercer libro m&#xE1;s antiguo en la biblioteca del Museo Franz Mayer.  Fue ilustrado con 1,855 xilograf&#xED;as, producidas a partir de 645 bloques y realizadas por Michael Wolgemut (maestro de Albrecht D&#xFC;rer) y su yerno Wilhelm Pleydenwurff. </subfield>
    <subfield code="b">Narra la historia del mundo bas&#xE1;ndose en relatos b&#xED;blicos y dividi&#xE9;ndola en seis edades hist&#xF3;ricas, desde la creaci&#xF3;n o G&#xE9;nesis hasta el a&#xF1;o 1490, y a&#xF1;ade una s&#xE9;ptima: el Juicio Final. Ofrece algunas vistas de ciudades europeas (Roma, Venecia, Florencia, Nuremberg, G&#xE9;nova) y dos mapas, uno basado en las ideas de Ptolomeo y otro de Europa Central y Oriental, siendo el primero que aparece en un libro impreso. Ha sido considerada una de las obras c&#xFA;spide de la imprenta incunable, tanto por su estructura, como por ser la m&#xE1;s ilustrada de todo el per&#xED;odo. </subfield>
  </datafield>
  <datafield tag="563" ind1=" " ind2=" ">
    <subfield code="a">Otras referencias f&#xED;sicas: Encuadernaci&#xF3;n entera en piel con restos de la piel utilizada en la cartera previa. El papel del cuerpo del libro est&#xE1; formado por papel de trapo, hecho a mano, con marcas de verjurado. El cuerpo del libro est&#xE1; formado por cuadernillos unidos mediante costura aparentemente con libramiento sobre cinco soportes; no se determinaron las caracter&#xED;sticas de los soportes. Los folios XII y XIII son l&#xE1;minas adheridas a escartivanas cosidas con el cuerpo. Las hojas de guarda son parte de la reencuadernaci&#xF3;n. Lomera ligeramente redonda. No se determin&#xF3; si tiene endoses. Cabezadas tejidas con hilo ocre con almas de material no identificado cortadas al ras. Cantos del cuerpo refinados m&#xE1;s de una vez; el canto de pie est&#xE1; decorado con salpicado en rojo; no es claro si los cantos de cabeza y frente tienen decoraci&#xF3;n. Soportes de la tapa probablemente de cart&#xF3;n. Tejuelo de piel caf&#xE9; oscuro con el t&#xED;tulo y autor grabados en dorado. Texto impreso, Anotaciones en tinta ferrog&#xE1;lica.</subfield>
  </datafield>
  <datafield tag="591" ind1=" " ind2=" ">
    <subfield code="a"> Estado de Conservaci&#xF3;n: Bueno.</subfield>
  </datafield>
  <datafield tag="591" ind1=" " ind2=" ">
    <subfield code="b">Descripci&#xF3;n de conservaci&#xF3;n: Reencuadernado: se le agregaron hojas de guarda, se volvi&#xF3; a hacer la cartera de piel utilizando los restos de la cubierta previa. Presenta suciedad, manchas y faltantes leves en las hojas, separaci&#xF3;n entre cuadernillos entre los folios CCXC y CCXCI, levantamiento de la &#xFA;ltima capa de piel en los restos de piel de la cartera previa, rotura en cofia de pie.</subfield>
  </datafield>
  <datafield tag="592" ind1=" " ind2=" ">
    <subfield code="a">Marcas Adicionales: Anotaciones manuscritas en la portada. &#xCD;ndice de contenido. Contiene 1855 xilograf&#xED;as. Texto a l&#xED;nea tirada. Letra g&#xF3;tica. P&#xE1;ginas foliadas. Letras iniciales xilogr&#xE1;ficas. Nombres asociados:  Schreyer, Sebald, 1446-1520; Kammermeister, Sebastian -1503; Wolgemut, Michael, 1434-1519; Pleydenwurff, Wilhelm, d. 1494.</subfield>
  </datafield>
  <datafield tag="593" ind1=" " ind2=" ">
    <subfield code="a">Incunables</subfield>
  </datafield>
  <datafield tag="650" ind1=" " ind2="0">
    <subfield code="a">Historical chronology</subfield>
    <subfield code="v">Early works to 1800</subfield>
    <subfield code="9">30014</subfield>
  </datafield>
  <datafield tag="650" ind1=" " ind2="0">
    <subfield code="a">Bible</subfield>
    <subfield code="x"> History of biblical events</subfield>
    <subfield code="9">30016</subfield>
  </datafield>
  <datafield tag="655" ind1="0" ind2="0">
    <subfield code="a">Illustrated books</subfield>
    <subfield code="x">History</subfield>
    <subfield code="y">15th and 16th centuries</subfield>
    <subfield code="z">Germany</subfield>
    <subfield code="z">Nuremberg</subfield>
    <subfield code="9">30019</subfield>
  </datafield>
  <datafield tag="655" ind1="0" ind2="0">
    <subfield code="a">Incunabula</subfield>
    <subfield code="9">30020</subfield>
  </datafield>
  <datafield tag="700" ind1="1" ind2=" ">
    <subfield code="a">Koberger, Anton,</subfield>
    <subfield code="d">(ca.1440-1513),</subfield>
    <subfield code="e">impresor</subfield>
    <subfield code="9">30018</subfield>
  </datafield>
  <datafield tag="856" ind1="4" ind2="1">
    <subfield code="q">TIF//PDF</subfield>
    <subfield code="y">Biblioteca Digital Franz Mayer</subfield>
    <subfield code="u">https://bibliotecadigital.franzmayer.org.mx/items/85c3d8a7-2f7a-486c-a7db-1b075ce59bd2</subfield>
  </datafield>
  <datafield tag="902" ind1=" " ind2=" ">
    <subfield code="a">KH</subfield>
    <subfield code="a">FM</subfield>
    <subfield code="a">TV</subfield>
  </datafield>
  <datafield tag="942" ind1=" " ind2=" ">
    <subfield code="c">B</subfield>
    <subfield code="2">lcc</subfield>
  </datafield>
  <datafield tag="960" ind1=" " ind2=" ">
    <subfield code="a">CS-L1-N1</subfield>
  </datafield>
  <datafield tag="999" ind1=" " ind2=" ">
    <subfield code="c">11084</subfield>
    <subfield code="d">11084</subfield>
  </datafield>
  <datafield tag="952" ind1=" " ind2=" ">
    <subfield code="a">BRCA</subfield>
    <subfield code="b">BRCA</subfield>
    <subfield code="f">CS-L1-N1</subfield>
    <subfield code="i">W-31</subfield>
    <subfield code="l">0</subfield>
    <subfield code="o">D17 .S33 1493 (W-31)</subfield>
    <subfield code="p">LAR00042</subfield>
    <subfield code="r">2025-08-08 00:00:00</subfield>
    <subfield code="y">B</subfield>
    <subfield code="0">0</subfield>
    <subfield code="1">0</subfield>
    <subfield code="2">lcc</subfield>
    <subfield code="5">2</subfield>
    <subfield code="7">0</subfield>
    <subfield code="8">LAR</subfield>
  </datafield>
</record>
